000 00599cab a2200193 4500
001 WB2521-19
008 090401t1989 xxu||||| |||| 00| 0 eng d
035 _a(Sirsi) u47348
041 _aeng
245 _aBlueprint attack
260 _c1989
350 _a0
490 _aDaily Telegraph
_v30/5/89 p4 Financial Times 30/5/89 p10 (2)
520 _aThe Government planning blueprint for London to 2001, has been heavily criticised for failing to pay attention to environmental and social needs.
650 _aLPAC
690 _aPLANNING LAW AND PRACTICE
942 _n0
948 _c04/03/1997
999 _c29862
_d29862